Statistiques concernant Pays frontaliers n°3

Cliquez ici pour prendre le quiz!

Statistiques générales

  • Ce quiz a été pris 191 fois
  • Le résultat moyen est 32 sur 40

Statistiques - réponses

HintRéponse% Correct
NorvègeRussie
95%
AzerbaïdjanRussie
95%
NorvègeSuede
95%
NorvègeFinlande
94%
LuxembourgFrance
94%
LuxembourgAllemagne
93%
LuxembourgBelgique
93%
BangladeshInde
92%
ParaguayBresil
91%
ParaguayArgentine
90%
PanamaCosta Rica
86%
SenegalMali
85%
SenegalGuinée
84%
ParaguayBolivie
83%
AzerbaïdjanGeorgie
83%
AngolaRépublique Démocratique du Congo
83%
AngolaRépublique du Congo
83%
PanamaColombie
82%
KenyaSomalie
82%
AzerbaïdjanArmenie
81%
SenegalGambie
81%
SenegalMauritanie
81%
AngolaNamibie
81%
KenyaEthiopie
80%
KenyaTanzanie
80%
IndonesieMalaisie
79%
MoldavieUkraine
79%
BangladeshBirmanie
76%
MoldavieRoumanie
76%
AzerbaïdjanTurquie
76%
MalaisieIndonesie
74%
MalaisieThailande
72%
IndonesieTimor Oriental
71%
KenyaOuganda
70%
IndonesiePapouasie-Nouvelle-Guinée
68%
SenegalGuinée Bissau
67%
AngolaZambie
67%
MalaisieBrunei
66%
KenyaSoudan du Sud
63%
AzerbaïdjanIran
59%

Distribution des résultats

Percentile par nombre de réponses

% des personnes avec chaque résultat

Votre développement - résultats

Vous n’avez pas pris ce quiz